[Event "Stay Safe Play From Home 266"]
[Site "Emanuel Lasker Arena"]
[Date "2020.06.30"]
[Round "9"]
[White "Fischer_11"]
[Black "Buzaglo"]
[Result "1-0"]
[WhiteElo "1984"]
[BlackElo "1827"]
[Annotator "NA"]
[PlyCount "119"]
[EventDate "2020.06.30"]
[EventType "swiss (blitz)"]

1. e4 {[%emt 0:00:02]} e6 {[%emt 0:00:00]} 2. d4 {[%emt 0:00:01]} d5 {[%emt 0:00:00]} 3. Nd2 {[%emt 0:00:01]} c5 {[%emt 0:00:00]} 4. exd5 {[%emt 0:00:01]} cxd4 {[%emt 0:00:00]} 5. dxe6 {[%emt 0:00:01]} Bxe6 {[%emt 0:00:00]} 6. Ngf3 {[%emt 0:00:01]} Nf6 {[%emt 0:00:01]} 7. Nb3 {[%emt 0:00:01]} Nc6 {[%emt 0:00:00]} 8. Nbxd4 {[%emt 0:00:02]} Nxd4 {[%emt 0:00:01]} 9. Nxd4 {[%emt 0:00:01]} Bd6 {[%emt 0:00:00]} 10. Nxe6 {[%emt 0:00:01]} fxe6 {[%emt 0:00:00]} 11. Bb5+ {[%emt 0:00:01]} Kf7 {[%emt 0:00:01]} 12. O-O {[%emt 0:00:01]} a6 {[%emt 0:00:03]} 13. Ba4 {[%emt 0:00:02]} b5 {[%emt 0:00:01]} 14. Bb3 {[%emt 0:00:01]} Re8 {[%emt 0:00:01]} 15. c3 {[%emt 0:00:01]} Kg8 {[%emt 0:00:03]} 16. Bg5 {[%emt 0:00:00]} Kh8 {[%emt 0:00:01]} 17. Re1 {[%emt 0:00:01]} e5 {[%emt 0:00:01]} 18. Qe2 {[%emt 0:00:03]} h6 {[%emt 0:00:02]} 19. Bh4 {[%emt 0:00:01]} Rc8 {[%emt 0:00:02]} 20. Rad1 {[%emt 0:00:02]} Qc7 {[%emt 0:00:02]} 21. h3 {[%emt 0:00:02]} Nh7 {[%emt 0:00:03]} 22. Bc2 {[%emt 0:00:02]} e4 {[%emt 0:00:03]} 23. Qg4 {[%emt 0:00:08]} Qf7 {[%emt 0:00:08]} 24. Bg3 {[%emt 0:00:02]} Bxg3 {[%emt 0:00:01]} 25. Qxg3 {[%emt 0:00:00]} Rf8 {[%emt 0:00:00]} 26. Rxe4 {[%emt 0:00:03]} Nf6 {[%emt 0:00:01]} 27. Rf4 {[%emt 0:00:02]} Qe6 {[%emt 0:00:02]} 28. Qg6 {[%emt 0:00:02]} Ne4 {[%emt 0:00:01]} 29. Bxe4 {[%emt 0:00:02]} Qxe4 {[%emt 0:00:02]} 30. Qxe4 {[%emt 0:00:02]} Rfe8 {[%emt 0:00:02]} 31. Qf3 {[%emt 0:00:01]} b4 {[%emt 0:00:02]} 32. cxb4 {[%emt 0:00:01]} a5 {[%emt 0:00:01]} 33. Rd7 {[%emt 0:00:01]} a4 {[%emt 0:00:00]} 34. Rff7 {[%emt 0:00:01]} Rg8 {[%emt 0:00:02]} 35. Qg3 {[%emt 0:00:01]} Rc1+ {[%emt 0:00:00]} 36. Kh2 {[%emt 0:00:01]} Rc3 {[%emt 0:00:01]} 37. Qg6 {[%emt 0:00:00]} Rc6 {[%emt 0:00:04]} 38. Rxg7 {[%emt 0:00:00]} Rxg6 {[%emt 0:00:02]} 39. Rxg8+ {[%emt 0:00:00]} Rxg8 {[%emt 0:00:01]} 40. b3 {[%emt 0:00:00]} axb3 {[%emt 0:00:01]} 41. Rd8 {[%emt 0:00:01]} Rf8 {[%emt 0:00:00]} 42. axb3 {[%emt 0:00:00]} Kg7 {[%emt 0:00:00]} 43. b5 {[%emt 0:00:00]} Rxd8 {[%emt 0:00:01]} 44. b6 {[%emt 0:00:00]} Rb8 {[%emt 0:00:00]} 45. h4 {[%emt 0:00:00]} Rxb6 {[%emt 0:00:00]} 46. h5 {[%emt 0:00:00]} Rxb3 {[%emt 0:00:00]} 47. g3 {[%emt 0:00:00]} Rb2 {[%emt 0:00:00]} 48. Kh3 {[%emt 0:00:00]} Rxf2 {[%emt 0:00:00]} 49. Kg4 {[%emt 0:00:00]} Rf8 {[%emt 0:00:00]} 50. Kh4 {[%emt 0:00:01]} Rf7 {[%emt 0:00:00]} 51. g4 {[%emt 0:00:00]} Kg8 {[%emt 0:00:00]} 52. Kg3 {[%emt 0:00:00]} Kh7 {[%emt 0:00:00]} 53. Kh3 {[%emt 0:00:00]} Rg7 {[%emt 0:00:00]} 54. Kh4 {[%emt 0:00:00]} Rg5 {[%emt 0:00:00]} 55. Kh3 {[%emt 0:00:01]} Kg7 {[%emt 0:00:00]} 56. Kg3 {[%emt 0:00:00]} Kf6 {[%emt 0:00:00]} 57. Kf4 {[%emt 0:00:00]} Ke6 {[%emt 0:00:01]} 58. Kf3 {[%emt 0:00:00]} Kd5 {[%emt 0:00:00]} 59. Ke3 {[%emt 0:00:00]} Ke5 {[%emt 0:00:00]} 60. Kf3 {[%emt 0:00:00] Time ' (Lag: Av=0.45s, max=1.0s)} 1-0

[Event "Stay Safe Play From Home 266"]
[Site "Emanuel Lasker Arena"]
[Date "2020.06.30"]
[Round "9"]
[White "EL sanbary"]
[Black "Lamborghini"]
[Result "1-0"]
[WhiteElo "1931"]
[BlackElo "2293"]
[Annotator "TA"]
[PlyCount "93"]
[EventDate "2020.06.30"]
[EventType "swiss (blitz)"]

{[%evp 16,92,39,35,40,16,37,28,64,37,51,49,51,45,48,59,83,64,78,50,45,49,58,52,62,50,152,158,169,68,125,45,106,72,89,43,40,29,29,26,30,-129,577,0,0,-279,-253,-349,-343,-323,-261,-321,-296,-271,-241,-245,0,-323,-316,-318,-318,-29979,-29978,-29981,1331,930,29986,29987,29990,29990,29991,29991,29991,29992,29992,29993,29998,29994,29999]} 1. c4 Nf6 2. g3 g6 3. Bg2 Bg7 4. Nc3 O-O 5. e4 c6 6. Nge2 d6 7. O-O e5 8. h3 Nbd7 9. d3 Re8 {A24: English Opening vs King's Indian: Lines without ...Nc6.} 10. Kh2 {[#]} h5 $146 ({Predecessor:} 10... Rb8 11. f4 exf4 12. Bxf4 Nc5 13. Qd2 a6 14. b4 Ne6 15. Be3 b5 16. cxb5 axb5 {0-1 (44) Lazarov,A (2389)-German,N (2182) Voronezh 2018}) 11. Be3 h4 {White has an edge.} 12. Qd2 hxg3+ 13. fxg3 Nc5 14. Rf2 Nh7 15. Raf1 Re7 16. b3 Ne6 17. d4 (17. Ng1 {is interesting.} Nd4 18. Nce2 a5 19. Nxd4 exd4 20. Bf4) 17... exd4 18. Nxd4 Nxd4 19. Bxd4 Bxd4 20. Qxd4 Ng5 (20... Qa5 $14) 21. h4 $16 Ne6 {[#]} 22. Qd3 (22. Qd2 $1 $18) 22... Bd7 (22... Nc5 $14 23. Qd2 Bg4) 23. Qe2 ({Better is} 23. Qxd6 $16 {Black must now prevent e5.} Ng7 24. Rd2) 23... Be8 (23... Qa5 $1 $14 24. Nd5 cxd5 25. exd5 Rae8 26. dxe6 Bxe6) 24. Bh3 Nc5 25. Qe3 Re5 $1 26. Qd4 Qe7 {[%cal Rc5e4]} 27. Rf4 a5 28. Ne2 $2 ({White should try} 28. R1f2 $11) 28... Bd7 $2 {[%mdl 8192]} (28... Rxe4 29. Rxe4 Qxe4 30. Qxe4 $15) (28... Nxe4 $17 {Threatens to win with ...Nd2!} 29. Ng1 Nc5) 29. Nc3 $2 ({White has to play} 29. Rxf7 $18 Qxf7 30. Rxf7 Kxf7 31. Qxd6 Rxe4 32. Nc3 (32. Bxd7 Rxe2+ 33. Kh3 Nxd7 $16) 32... Bxh3 33. Kxh3) 29... Bxh3 30. Kxh3 $2 {[%mdl 8192]} (30. Rxf7 $11 Qxf7 31. Rxf7 Kxf7 32. Qxd6 (32. Kxh3 Ke6 $14)) 30... Ne6 $19 31. Qe3 Nxf4+ 32. Rxf4 Re8 33. Qf3 Qe6+ 34. Kg2 Re7 35. g4 {[#]} f6 $2 (35... a4 $1 $19 {Hoping for ...axb3.} 36. Rf6 (36. bxa4 Rc5) 36... Qd7) 36. g5 $2 {[%mdl 8192]} (36. Rxf6 $11 {and White is okay.} Qd7 37. Rxg6+ Rg7 38. Rxg7+ Qxg7 39. Kh3) 36... f5 ({Resist} 36... fxg5 37. Rf6 $19) 37. exf5 Rxf5 ({Don't take} 37... gxf5 38. Nd1 $19) 38. Kg3 $2 (38. Rxf5 $19 gxf5 39. Nd1) 38... Rxf4 39. Kxf4 Qe3+ $4 {[%mdl 8192]} (39... Rf7+ {and all is fine.} 40. Kg3 Rxf3+ 41. Kxf3 Qh3+ {[%mdl 64] Double Attack} 42. Ke4 Qxc3 43. a4 Qxb3 44. h5 gxh5 45. c5 dxc5 46. Ke5 Qd5+ 47. Kf4 c4 48. Kg3 c3 49. Kh2 Qxg5 50. Kh1 c2 51. Kh2 c1=Q 52. Kh3 Qh1#) 40. Qxe3 $18 {[%mdl 4096] Endgame} Rf7+ 41. Kg4 {White mates.} Kg7 42. Qd4+ Kh7 43. Ne4 d5 44. Nf6+ Kg7 45. Qe5 Kf8 46. Qb8+ Kg7 47. Qg8# {Accuracy: White = 39%, Black = 62%.} 1-0

[Event "Stay Safe Play From Home 266"]
[Site "Emanuel Lasker Arena"]
[Date "2020.06.30"]
[Round "9"]
[White "Klasman"]
[Black "Mepe_Nika"]
[Result "0-1"]
[WhiteElo "1315"]
[BlackElo "2317"]
[Annotator "TA"]
[PlyCount "34"]
[EventDate "2020.06.30"]
[EventType "swiss (blitz)"]

{[%evp 9,33,0,0,0,52,-90,-85,-125,-122,-576,-567,-1146,-1145,-1603,-1547,-1433,-797,-1379,-1384,-29990,-29991,-29991,-29992,-29998,-29999,-29999]} 1. f4 e5 2. fxe5 d6 3. Nf3 Nc6 4. e4 dxe5 5. Bc4 Bc5 6. c3 {[#] C30: King's Gambit Declined.} Nh6 $146 (6... a6 $11) ({Predecessor:} 6... Nf6 7. d3 Qe7 8. b4 Bb6 9. a4 a6 10. Qe2 O-O 11. Bg5 Qd6 12. a5 Ba7 13. Nbd2 {1-0 (70) Bocharov,I (2473)-Danilyuk,O (2146) Novosibirsk 2014}) 7. d4 (7. Qe2 $14 {keeps the upper hand.}) 7... exd4 $17 8. cxd4 {Black is better.} Nxd4 9. Bxf7+ $2 {[%mdl 8192] [#] This move loses the game for White.} (9. Bxh6 $17 {is tougher.} gxh6 10. Nc3) 9... Nxf7 $19 10. Qa4+ Bd7 11. Qc4 Nxf3+ 12. gxf3 Qh4+ 13. Ke2 Qf2+ 14. Kd3 Ne5+ {[%mdl 64] [#] Double Attack. Black mates.} 15. Kc3 Nxc4 16. Kxc4 Qd4+ 17. Kb3 Ba4# {Accuracy: White =  8%, Black = 63%.} 0-1